000 00996nas a2200301 4500
001 BR2011007747
003 BR-BrBNA
005 20231205115821.0
007 ta
008 230509b bl.|||p| |||| 00| 00por d
040 _aBR-BrBNA
_bpor
_cBiblioteca Nacional de Agricultura
041 _a(Pt)
072 _aF30; F03
100 1 _aRamos, N.P.
100 1 _aBrunelli, K.R.
100 1 _aCamargo, L.E.A.
100 1 _aMarcos Filho, J.
245 1 _aSensibilidade dos microssatélites para determinar a pureza varietal em sementes de milho
246 1 _aMicrosatelite markers to determine maize inbred seed purity
650 _aLINHAGEM
650 _aSEMENTE
650 _aMILHO
650 _aZEA MAYS
773 0 _tRevista Brasileira de Sementes (Brazil)
_xISSN 0101-3122
_g(Apr 2006), v. 28(1) p. 99-105
_wBR2011007747
856 4 _uhttp://www.scielo.br/pdf/rbs/v28n1/a13v28n1.pdf
_yRecurso eletrônico (PDF)
909 _a202311
_bLúcia
_c55
_dLúcia Elande
942 _2AGRIS
_n0
_cANA
999 _c215845
_d215845